000 00401nam a22001577a 4500
003 OSt
005 20240113103545.0
008 170725b xxu||||| |||| 00| 0 eng d
020 _a9788131510131
040 _cSEROSOFT
100 _aSTEVEN S. ZUMDAHL
245 _aCHEMISTRY CONCEPPTS AND APPLICATIONS
260 _aDELHI
_bCENGAGE LEARNING
_c2011
300 _a1072
942 _2ddc
_c03
_eINDIA EDITION
999 _c35953
_d35953